Introduction to positive economics (Record no. 5640)

000 -LEADER
fixed length control field 00453nam a22001817a 4500
001 - CONTROL NUMBER
control field 5640
003 - CONTROL NUMBER IDENTIFIER
control field BD-DhUET
008 - FIXED-LENGTH DATA ELEMENTS--GENERAL INFORMATION
fixed length control field 141127b xxu||||| |||| 00| 0 eng d
040 ## - CATALOGING SOURCE
Transcribing agency 0
Modifying agency BD-DhUET
082 ## - DEWEY DECIMAL CLASSIFICATION NUMBER
Classification number 330
Item number LIP/1971
100 ## - MAIN ENTRY--PERSONAL NAME
Personal name Lipsey, Richard G.
245 ## - TITLE STATEMENT
Title Introduction to positive economics
250 ## - EDITION STATEMENT
Edition statement 3rd ed.
260 ## - PUBLICATION, DISTRIBUTION, ETC. (IMPRINT)
Name of publisher, distributor, etc. English Language Book
Place of publication, distribution, etc. Hampshire
Date of publication, distribution, etc. 1971
300 ## - PHYSICAL DESCRIPTION
Extent xx, 740 p.
Other physical details ill.
Dimensions 26 cm.
650 #0 - SUBJECT ADDED ENTRY--TOPICAL TERM
Topical term or geographic name as entry element Economics
942 ## - ADDED ENTRY ELEMENTS (KOHA)
Koha item type General Book
Holdings
Damaged status Copy number Koha date last seen Koha item type Source of classification or shelving scheme Price effective from Withdrawn status Koha full call number Sublocation or collection (holding branch) Date acquired Piece designation (barcode) Lost status Koha normalized classification for sorting Not for loan Location (home branch) Shelving location Koha collection
 12014-11-27General Book 2014-11-27 330/LIP/1971Central Library, BUET2014-11-2723693 330LIP1971 Central Library, BUETCirculation section 
 22014-11-27General Book 2014-11-27 330/LIP/1971Central Library, BUET2014-11-2723702 330LIP1971 Central Library, BUETCirculation section 
 32015-01-27General Book 2015-01-27 330/LIP/1971Central Library, BUET2015-01-2723689 330_000000000000000_LIP_1971 Central Library, BUETCirculation section 
 42015-01-27General Book 2015-01-27 330/LIP/1971Central Library, BUET2015-01-2723684 330_000000000000000_LIP_1971 Central Library, BUETCirculation section 
 52015-01-27General Book 2015-01-27 330/LIP/1971Central Library, BUET2015-01-2723710 330_000000000000000_LIP_1971 Central Library, BUETCirculation section 
 62015-01-27General Book 2015-01-27 330/LIP/1971Central Library, BUET2015-01-2723713 330_000000000000000_LIP_1971 Central Library, BUETCirculation section 
 72015-01-27General Book 2015-01-27 330/LIP/1971Central Library, BUET2015-01-2723690 330_000000000000000_LIP_1971 Central Library, BUETCataloging section 
 82015-01-27General Book 2015-01-27 330/LIP/1971Central Library, BUET2015-01-2723698 330_000000000000000_LIP_1971 Central Library, BUETCirculation section 
 92015-01-27General Book 2015-01-27 330/LIP/1971Central Library, BUET2015-01-2723685 330_000000000000000_LIP_1971 Central Library, BUETCirculation section 
 102015-01-27General Book 2015-01-27 330/LIP/1971Central Library, BUET2015-01-2723712 330_000000000000000_LIP_1971 Central Library, BUETCirculation section 
 42015-01-28General Book 2015-01-28 330/LIP/1971Central Library, BUET2015-01-2823677 330_000000000000000_LIP_1971 Central Library, BUETCirculation sectionNon Fiction
 302015-01-28General Book 2015-01-28 330/LIP/1971Central Library, BUET2015-01-2823706 330_000000000000000_LIP_1971 Central Library, BUETCirculation sectionNon Fiction
 292015-01-28General Book 2015-01-28 330/LIP/1971Central Library, BUET2015-01-2823705 330_000000000000000_LIP_1971 Central Library, BUETCirculation sectionNon Fiction
 162015-01-28General Book 2015-01-28 330/LIP/1971Central Library, BUET2015-01-2823680 330_000000000000000_LIP_1971 Central Library, BUETCirculation sectionNon Fiction
 152015-04-20General Book 2015-04-20 330/LIP/1971Central Library, BUET2015-04-2023691 330_000000000000000_LIP_1971 Central Library, BUETCirculation section